00768nam a2200181 a 450000100100000000500170001000800410002704000250006808200130009324501420010626000610024830000320030949000420034150400260038383000490040995201110045899900170056900003998020201002033838.0130801s1974 gr ab 000 0 spa d aDO-SdBNPbspacBNPHU axxxbxxx00aApplied sciences and development :ba biannual collection of recent German contributions concerning development through applied sciences. aGermany :bInstitute for Scientific Co-Operation,c1974. a3 v. :bill, maps ;c24 cm.1 aInstitute for scientific co-operation aBibliography : p. 153 0aInstitute for scientific co-operation966203 001050718MOaGRbGRcCTd2013-08-01iLF1l0oxxx xxxp39980-10r2020-06-25w2020-06-25y1ZNo se presta c39470d39470